[Event "Budapest FS08 GM"]
[Site "Budapest"]
[Date "2022.08.15"]
[Round "8"]
[White "Setyaki, Azarya Jodi"]
[Black "Nguyen, Alex Dac Vuong"]
[Result "1-0"]
[WhiteElo "2404"]
[BlackElo "2311"]
[PlyCount "81"]
[EventDate "2022.08.06"]
[EventType "tourn"]
[EventRounds "9"]
[EventCountry "HUN"]
[EventCategory "7"]
[SourceTitle "CBM 209 Extra"]
[Source "ChessBase"]
[SourceDate "2022.09.30"]
[SourceVersion "1"]
[SourceVersionDate "2022.09.30"]
[SourceQuality "1"]

1. e4 c6 2. d4 d5 3. e5 Bf5 4. h4 h5 5. Bd3 Bxd3 6. Qxd3 e6 7. Bg5 Qa5+ 8. Nd2 c5 9. Ngf3 cxd4 10. 0-0 Nc6 11. Nb3 Qa6 12. Qxa6 bxa6 13. Nbxd4 Nxd4 14. Nxd4 Bc5 15. Nb3 Bb6 16. c4 dxc4 17. Nd2 Ne7 18. Nxc4 Nd5 19. Nd6+ Kd7 20. Nxf7 Rhc8 21. Nd6 Rc2 22. Rad1 Bc7 23. Rd2 Rxd2 24. Bxd2 Bxd6 25. exd6 Rc8 26. Be3 Nxe3 27. fxe3 Kxd6 28. Rf7 Rc7 29. Rxc7 Kxc7 30. Kf2 Kd6 31. Kf3 e5 32. g4 g6 33. gxh5 gxh5 34. Ke4 a5 35. Kf5 Kd5 36. e4+ Kd4 37. a4 a6 38. b3 Kc3 39. Kxe5 Kxb3 40. Kd5 Kxa4 41. e5 1-0

[Event "Budapest FS08 GM"]
[Site "Budapest"]
[Date "2022.08.13"]
[Round "7"]
[White "Nguyen, Alex Dac Vuong"]
[Black "Song, Raymond"]
[Result "1/2-1/2"]
[WhiteElo "2311"]
[BlackElo "2465"]
[PlyCount "90"]
[EventDate "2022.08.06"]
[EventType "tourn"]
[EventRounds "9"]
[EventCountry "HUN"]
[EventCategory "7"]
[SourceTitle "CBM 209 Extra"]
[Source "ChessBase"]
[SourceDate "2022.09.30"]
[SourceVersion "1"]
[SourceVersionDate "2022.09.30"]
[SourceQuality "1"]

1. e4 c6 2. d4 d5 3. Nd2 dxe4 4. Nxe4 Bf5 5. Ng3 Bg6 6. h4 h6 7. Nf3 Nd7 8. h5 Bh7 9. Bd3 Bxd3 10. Qxd3 e6 11. Bd2 Ngf6 12. 0-0-0 Be7 13. Ne4 0-0 14. Nxf6+ Nxf6 15. Ne5 c5 16. g4 Qxd4 17. Qxd4 cxd4 18. g5 hxg5 19. Bxg5 Nd5 20. Bxe7 Nxe7 21. Rxd4 f6 22. Ng6 Nf5 23. Rd7 Rf7 24. Rhd1 Rxd7 25. Rxd7 b6 26. Kd2 Kh7 27. Kd3 Kh6 28. c4 e5 29. Ke4 Nd4 30. Ne7 Kxh5 31. b4 a5 32. b5 Re8 33. Kd5 Kg4 34. c5 bxc5 35. b6 Rb8 36. b7 Kf3 37. Kxc5 Kxf2 38. Nc6 Nxc6 39. Kxc6 e4 40. Rxg7 e3 41. Rf7 e2 42. Rxf6+ Ke3 43. Re6+ Kd2 44. Rd6+ Kc2 45. Re6 Kd2 1/2-1/2

[Event "Pardubice Czech op-A 33rd"]
[Site "Pardubice"]
[Date "2022.07.29"]
[Round "8"]
[White "Budzisz, Adrian"]
[Black "Nguyen, Alex Dac Vuong"]
[Result "1/2-1/2"]
[WhiteElo "2152"]
[BlackElo "2318"]
[PlyCount "27"]
[EventDate "2022.07.22"]
[EventType "swiss"]
[EventRounds "9"]
[EventCountry "CZE"]
[SourceTitle "CBM 209 Extra"]
[Source "ChessBase"]
[SourceDate "2022.09.30"]
[SourceVersion "1"]
[SourceVersionDate "2022.09.30"]
[SourceQuality "1"]

1. e4 c5 2. Nf3 e6 3. g3 Nc6 4. Bg2 d5 5. exd5 exd5 6. d4 Bg4 7. 0-0 Nxd4 8. Qe1+ Be6 9. Nxd4 cxd4 10. Qe5 Qf6 11. Qc7 Qe7 12. Qe5 Qf6 13. Qc7 Qe7 14. Qe5 1/2-1/2

[Event "Pardubice Czech op-A 33rd"]
[Site "Pardubice"]
[Date "2022.07.26"]
[Round "5"]
[White "Nguyen, Alex Dac Vuong"]
[Black "Hassemeier, Mika"]
[Result "1/2-1/2"]
[WhiteElo "2318"]
[BlackElo "2166"]
[PlyCount "91"]
[EventDate "2022.07.22"]
[EventType "swiss"]
[EventRounds "9"]
[EventCountry "CZE"]
[SourceTitle "CBM 209 Extra"]
[Source "ChessBase"]
[SourceDate "2022.09.30"]
[SourceVersion "1"]
[SourceVersionDate "2022.09.30"]
[SourceQuality "1"]

1. d4 Nf6 2. c4 e6 3. Nf3 d5 4. Nc3 dxc4 5. e4 b5 6. e5 Nd5 7. Nxb5 Nb6 8. Be2 Nc6 9. 0-0 Be7 10. Be3 0-0 11. Nc3 Rb8 12. b3 cxb3 13. axb3 a5 14. Qb1 Bb7 15. Rd1 Ba8 16. Qe4 Re8 17. Qg4 Nb4 18. Bh6 Bf8 19. Rxa5 Kh8 20. Bc1 h6 21. Qh5 Qd7 22. Ng5 Kg8 23. Nge4 N6d5 24. Qg4 Kh8 25. Na4 Nc6 26. Nac5 Bxc5 27. Rxc5 Nce7 28. Rd3 Nf5 29. Rh3 Nde7 30. Rc4 Bd5 31. Nc5 Qd8 32. Rc2 Rb4 33. Bb2 Nc6 34. Bc4 Bxc4 35. Rxc4 Qb8 36. Na6 Qb5 37. Nxb4 Nxb4 38. Qd1 Nd5 39. Rd3 Ra8 40. Rd2 Rb8 41. Rd3 Ra8 42. Bc3 Ra3 43. Be1 Qa6 44. Ra4 Rxa4 45. bxa4 Nf4 46. Re3 1/2-1/2

[Event "Oberliga Ost-A 2122"]
[Site "Germany"]
[Date "2022.06.18"]
[Round "4.3"]
[White "Nguyen, Alex Dac Vuong"]
[Black "Kahe, Ralph"]
[Result "1-0"]
[WhiteElo "2305"]
[BlackElo "2170"]
[PlyCount "81"]
[EventDate "2021.10.10"]
[EventType "team-tourn"]
[EventRounds "11"]
[EventCountry "GER"]
[SourceTitle "EXT 2023"]
[Source "ChessBase"]
[SourceDate "2022.10.05"]
[SourceVersion "1"]
[SourceVersionDate "2022.10.05"]
[SourceQuality "1"]
[WhiteTeam "Leipzig SG"]
[BlackTeam "Magdeburg Rochade"]
[WhiteTeamCountry "GER"]
[BlackTeamCountry "GER"]

1. e4 g6 2. d4 Bg7 3. Nf3 d6 4. Bc4 a6 5. 0-0 b5 6. Bd5 c6 7. Bb3 e6 8. Re1 Ne7 9. c3 0-0 10. a4 Bb7 11. Qe2 Nd7 12. Nbd2 Nb6 13. a5 Nd7 14. Nf1 c5 15. Ng3 Qc7 16. Bf4 c4 17. Bc2 Nc6 18. Qe3 Rfe8 19. Bh6 Bh8 20. Qf4 e5 21. Qd2 Nxa5 22. dxe5 Nxe5 23. Nxe5 dxe5 24. Rad1 Rad8 25. Qg5 Nc6 26. Nf5 Rxd1 27. Rxd1 f6 28. Qg3 Rd8 29. Ra1 Ne7 30. b3 Nxf5 31. exf5 g5 32. h4 Bg7 33. hxg5 Bxh6 34. gxh6+ Kh8 35. Qh4 Qc6 36. Be4 Qb6 37. Bxb7 Rf8 38. Bd5 cxb3 39. Bxb3 a5 40. Qg3 Qc7 41. Rxa5 1-0

[Event "GER-CupT 2122 Round2 (3)"]
[Site "Viernheim"]
[Date "2022.05.22"]
[Round "2.1"]
[White "Kryvoruchko, Yuriy"]
[Black "Nguyen, Alex Dac Vuong"]
[Result "1/2-1/2"]
[WhiteElo "2674"]
[BlackElo "2310"]
[PlyCount "107"]
[EventDate "2022.05.21"]
[EventType "team-k.o."]
[EventRounds "2"]
[EventCountry "GER"]
[SourceTitle "EXT 2023"]
[Source "ChessBase"]
[SourceDate "2022.10.05"]
[SourceVersion "1"]
[SourceVersionDate "2022.10.05"]
[SourceQuality "1"]
[WhiteTeam "Viernheim"]
[BlackTeam "Leipzig SG"]
[WhiteTeamCountry "GER"]
[BlackTeamCountry "GER"]

1. e4 e6 2. d4 d5 3. Nc3 dxe4 4. Nxe4 Nd7 5. Nf3 Ngf6 6. Bd3 Nxe4 7. Bxe4 c5 8. 0-0 Nf6 9. Bg5 Be7 10. Bxf6 gxf6 11. Re1 f5 12. Bd3 cxd4 13. Nxd4 0-0 14. c3 Bf6 15. Bc2 Qc7 16. Re3 Kh8 17. Qh5 Rg8 18. Rg3 Rg6 19. Ba4 Bd7 20. Bxd7 Qxd7 21. Rd1 Rd8 22. Rh3 Rg7 23. Rhd3 Qd5 24. Qf3 Rgg8 25. Qxd5 Rxd5 26. Nb3 Rb5 27. Rd7 Kg7 28. R1d2 Rc8 29. Nd4 Bxd4 30. R7xd4 Rc7 31. Kf1 e5 32. Rd5 Rxd5 33. Rxd5 f6 34. Ke2 Kg6 35. g3 a6 36. Rd6 Kg5 37. Rd8 f4 38. Rg8+ Kf5 39. g4+ Ke6 40. f3 h5 41. g5 Kf7 42. Rh8 Kg7 43. Rh6 fxg5 44. Rxh5 Kf6 45. Rh8 Rf7 46. h4 gxh4 47. Rxh4 Rg7 48. Rh6+ Kf5 49. Rb6 e4 50. fxe4+ Kxe4 51. Rb4+ Kf5 52. Kf3 Rg3+ 53. Kf2 Rg7 54. Kf3 1/2-1/2

[Event "Oberliga Ost-A 2122"]
[Site "Germany"]
[Date "2022.05.08"]
[Round "8.3"]
[White "Nguyen, Alex Dac Vuong"]
[Black "Spivak, Ilya"]
[Result "1-0"]
[WhiteElo "2305"]
[BlackElo "2302"]
[PlyCount "87"]
[EventDate "2021.10.10"]
[EventType "team-tourn"]
[EventRounds "11"]
[EventCountry "GER"]
[SourceTitle "EXT 2023"]
[Source "ChessBase"]
[SourceDate "2022.10.05"]
[SourceVersion "1"]
[SourceVersionDate "2022.10.05"]
[SourceQuality "1"]
[WhiteTeam "Leipzig SG"]
[BlackTeam "Hoyerswerda"]
[WhiteTeamCountry "GER"]
[BlackTeamCountry "GER"]

1. e4 c5 2. Nf3 e6 3. d4 cxd4 4. Nxd4 Nf6 5. Nc3 Nc6 6. Ndb5 d6 7. Bf4 e5 8. Bg5 a6 9. Na3 b5 10. Nd5 Be7 11. Bxf6 Bxf6 12. c3 Rb8 13. Nc2 Bg5 14. a4 bxa4 15. Ncb4 Nxb4 16. cxb4 0-0 17. Rxa4 a5 18. b5 Bd7 19. Nc3 d5 20. exd5 e4 21. Rxe4 f5 22. Rd4 Bf6 23. Be2 Bxd4 24. Qxd4 Re8 25. 0-0 Qf6 26. Qxf6 gxf6 27. Rd1 a4 28. Kf1 Kf8 29. Ra1 Ra8 30. Ke1 Ra5 31. Kd2 Ke7 32. Ra3 Kd6 33. b3 Rxe2+ 34. Kxe2 Bxb5+ 35. Ke3 Bf1 36. b4 Ra8 37. Rxa4 Re8+ 38. Kd4 Rc8 39. b5 Bxg2 40. Ra6+ Ke7 41. Ra7+ Kd6 42. Rf7 Bf1 43. Rxf6+ Ke7 44. Rc6 1-0

[Event "Oberliga Ost-A 2122"]
[Site "Germany"]
[Date "2022.04.30"]
[Round "2.3"]
[White "Nguyen, Alex Dac Vuong"]
[Black "Kuraszkiewicz, Michael"]
[Result "1/2-1/2"]
[WhiteElo "2305"]
[BlackElo "2275"]
[PlyCount "53"]
[EventDate "2021.10.10"]
[EventType "team-tourn"]
[EventRounds "11"]
[EventCountry "GER"]
[SourceTitle "EXT 2023"]
[Source "ChessBase"]
[SourceDate "2022.10.05"]
[SourceVersion "1"]
[SourceVersionDate "2022.10.05"]
[SourceQuality "1"]
[WhiteTeam "Leipzig SG"]
[BlackTeam "Plauen Koenig"]
[WhiteTeamCountry "GER"]
[BlackTeamCountry "GER"]

1. c4 e5 2. Nc3 Bb4 3. Nd5 Be7 4. d4 d6 5. e4 Nf6 6. Nxe7 Qxe7 7. f3 exd4 8. Qxd4 Nc6 9. Qc3 Be6 10. Ne2 0-0-0 11. Bg5 h6 12. Bh4 g5 13. Bf2 d5 14. Nd4 dxe4 15. Nxc6 bxc6 16. Qa5 e3 17. Qa6+ Kb8 18. Bxe3 Qb4+ 19. Kf2 Rd2+ 20. Kg1 c5 21. a3 Qxb2 22. Bxc5 c6 23. Qxa7+ Kc8 24. Bb6 Qe5 25. Qa8+ Kd7 26. Qxh8 Ke7 27. Ra2 1/2-1/2

[Event "Oberliga Ost-A 2122"]
[Site "Germany"]
[Date "2022.04.03"]
[Round "11.3"]
[White "Heyder, Florian"]
[Black "Nguyen, Alex Dac Vuong"]
[Result "1/2-1/2"]
[WhiteElo "2215"]
[BlackElo "2305"]
[PlyCount "189"]
[EventDate "2021.10.10"]
[EventType "team-tourn"]
[EventRounds "11"]
[EventCountry "GER"]
[SourceTitle "EXT 2023"]
[Source "ChessBase"]
[SourceDate "2022.10.05"]
[SourceVersion "1"]
[SourceVersionDate "2022.10.05"]
[SourceQuality "1"]
[WhiteTeam "Sangerhausen"]
[BlackTeam "Leipzig SG"]
[WhiteTeamCountry "GER"]
[BlackTeamCountry "GER"]

1. e4 e6 2. d4 d5 3. Nc3 Nf6 4. Bg5 Bb4 5. e5 h6 6. Be3 Ne4 7. Qg4 g6 8. Bd3 Nxc3 9. a3 Ba5 10. Bd2 c5 11. bxc3 b6 12. Nf3 Ba6 13. Bxa6 Nxa6 14. 0-0 Rc8 15. Qf4 cxd4 16. cxd4 Bxd2 17. Qxd2 Nb8 18. h4 Qc7 19. Rfc1 Qc3 20. Qf4 Nc6 21. Qf6 Rh7 22. Qf4 Kd7 23. Rab1 Na5 24. Nh2 g5 25. Qg4 Rg8 26. h5 Rc8 27. Rd1 Qxc2 28. Rbc1 Qxc1 29. Rxc1 Rxc1+ 30. Nf1 Nc4 31. Qe2 b5 32. g3 f5 33. Kg2 Kc6 34. Ne3 Nxe3+ 35. Qxe3 Rc4 36. g4 Rf7 37. Qd3 Kb6 38. Kg1 a5 39. Kg2 Rf8 40. Kg1 Rf7 41. Kg2 a4 42. Kg1 b4 43. axb4 Ra7 44. Qa3 fxg4 45. b5 Kxb5 46. Qb2+ Rb4 47. Qc3 Rc4 48. Qb2+ Kc6 49. Qb8 Ra6 50. Qe8+ Kb7 51. Qe7+ Rc7 52. Qb4+ Ka7 53. Qa3 g3 54. fxg3 Rc8 55. Qe7+ Kb8 56. Qb4+ Ka8 57. Qa3 Kb7 58. Qe7+ Ka8 59. Qa3 g4 60. Kg2 Rb8 61. Kf2 Ra5 62. Ke2 Ka7 63. Kd2 Ka6 64. Kc2 Rb3 65. Qd6+ Rb6 66. Qa3 Kb7 67. Qe7+ Ka8 68. Qd8+ Ka7 69. Qe7+ Rb7 70. Qa3 Rf7 71. Kc1 Rc7+ 72. Kd2 Ra6 73. Ke2 Kb7 74. Qb4+ Ka7 75. Qa3 Kb7 76. Qb4+ Rb6 77. Qxa4 Rc4 78. Qd7+ Ka6 79. Ke3 Rb3+ 80. Ke2 Rb2+ 81. Ke3 Rb3+ 82. Ke2 Rb6 83. Ke3 Ka5 84. Qa7+ Ra6 85. Qb7 Rb6 86. Qa7+ Ra6 87. Qb7 Rb4 88. Qg7 Kb5 89. Qxh6 Raa4 90. Qxe6 Rxd4 91. Qd7+ Kc5 92. Qc7+ Kb5 93. Qd7+ Kc5 94. Qc7+ Kb5 95. Qd7+ 1/2-1/2

[Event "Bayern-chI Bank Hofmann 24th"]
[Site "Tegernsee"]
[Date "2021.11.05"]
[Round "7"]
[White "Nguyen, Alex Dac Vuong"]
[Black "De la Riva Aguado, Oscar"]
[Result "1/2-1/2"]
[WhiteElo "2286"]
[BlackElo "2466"]
[PlyCount "47"]
[EventDate "2021.10.30"]
[EventType "swiss"]
[EventRounds "9"]
[EventCountry "GER"]
[SourceTitle "CBM 205 Extra"]
[Source "ChessBase"]
[SourceDate "2022.01.31"]
[SourceVersion "1"]
[SourceVersionDate "2022.01.31"]
[SourceQuality "1"]

1. e4 c5 2. Nf3 Nc6 3. Bb5 g6 4. 0-0 Bg7 5. c3 Nf6 6. Re1 0-0 7. d4 d5 8. e5 Ne4 9. Be3 cxd4 10. cxd4 Qb6 11. Bxc6 bxc6 12. Qc1 Rb8 13. b3 f6 14. Nc3 Nxc3 15. Qxc3 Bg4 16. exf6 exf6 17. Bf4 Rbd8 18. Re7 Rde8 19. Rae1 Rxe7 20. Rxe7 Rf7 21. Re8+ Rf8 22. Re7 Rf7 23. Re8+ Rf8 24. Re7 1/2-1/2

[Event "Bayern-chI Bank Hofmann 24th"]
[Site "Tegernsee"]
[Date "2021.11.04"]
[Round "6"]
[White "Lucas, Olav"]
[Black "Nguyen, Alex Dac Vuong"]
[Result "0-1"]
[WhiteElo "1930"]
[BlackElo "2286"]
[PlyCount "92"]
[EventDate "2021.10.30"]
[EventType "swiss"]
[EventRounds "9"]
[EventCountry "GER"]
[SourceTitle "CBM 205 Extra"]
[Source "ChessBase"]
[SourceDate "2022.01.31"]
[SourceVersion "1"]
[SourceVersionDate "2022.01.31"]
[SourceQuality "1"]

1. e4 e6 2. d4 d5 3. exd5 exd5 4. c4 Nf6 5. Nc3 Be7 6. Bd3 0-0 7. Nge2 dxc4 8. Bxc4 Nbd7 9. 0-0 Nb6 10. Bb3 Bf5 11. Ng3 Bg6 12. f4 h6 13. f5 Bh7 14. Be3 Nbd5 15. Bf2 c6 16. Qf3 Qd7 17. Rae1 Rfe8 18. Re5 Bd6 19. Rfe1 Re7 20. Nxd5 Nxd5 21. Rxe7 Bxe7 22. a3 Kf8 23. Bc2 Re8 24. Nh5 Nf6 25. Ng3 Bd6 26. Rxe8+ Qxe8 27. Nf1 Nd5 28. g3 f6 29. Nd2 Bg8 30. Ne4 Bc7 31. h4 Qe7 32. Nc5 Bd6 33. Ne4 Bb8 34. Be1 Bf7 35. Bb3 Kg8 36. Bf2 b6 37. g4 Bc7 38. Ba2 Kf8 39. Bc4 Qd7 40. Bb3 Ne7 41. Bxf7 Kxf7 42. Nc3 h5 43. g5 Qxf5 44. Qxh5+ Ng6 45. Qe2 Nf4 46. Qc4+ Kg6 0-1

[Event "Bayern-chI Bank Hofmann 24th"]
[Site "Tegernsee"]
[Date "2021.11.01"]
[Round "3"]
[White "Nguyen, Alex Dac Vuong"]
[Black "Mastrovasilis, Athanasios"]
[Result "1/2-1/2"]
[WhiteElo "2286"]
[BlackElo "2523"]
[PlyCount "39"]
[EventDate "2021.10.30"]
[EventType "swiss"]
[EventRounds "9"]
[EventCountry "GER"]
[SourceTitle "CBM 205 Extra"]
[Source "ChessBase"]
[SourceDate "2022.01.31"]
[SourceVersion "1"]
[SourceVersionDate "2022.01.31"]
[SourceQuality "1"]

1. e4 e5 2. Nf3 Nc6 3. Bb5 a6 4. Ba4 Nf6 5. 0-0 b5 6. Bb3 Bb7 7. c3 Nxe4 8. d4 exd4 9. Re1 d5 10. Ng5 Qf6 11. Bxd5 Qxf2+ 12. Kh1 0-0-0 13. Nxe4 Qf5 14. c4 bxc4 15. Bxc4 Ne5 16. Ng3 Qf2 17. Ne4 Qf5 18. Ng3 Qf2 19. Ne4 Qf5 20. Ng3 1/2-1/2